| 000 | 00594nam a2200217Ia 4500 | ||
|---|---|---|---|
| 005 | 20241129104122.0 | ||
| 008 | 241129s9999||||xx |||||||||||||| ||und|| | ||
| 020 | _a9780367201890 | ||
| 037 | _aTextual | ||
| 040 |
_aRTL _beng _cRTL |
||
| 041 |
_aeng _2eng |
||
| 084 |
_aX:8 R1 _qRTL |
||
| 100 |
_aFord J Kevin _9724850 |
||
| 245 | 0 |
_aLearning in organizations: An evidence-based approach _cFord J Kevin |
|
| 260 |
_aNew York _bRoutledge _c2021 |
||
| 300 | _axix,341p. | ||
| 365 |
_aINR _b3603.62 |
||
| 650 | _aCommerce | ||
| 942 |
_cTB _hX:8 R1 |
||
| 999 |
_c1224495 _d1224495 |
||